Selected correspondence of William Dean Howells, 1882-1886.

Bibliographic Details
Main Author: Leitz, Robert Charles
Format: Thesis Book
Language:English
Published: [College Station, Tex.], [publisher not identified] ; 1973.
Subjects:

MARC

Tag First Indicator Second Indicator Subfields
LEADER 00000cam a22000005 4500
001 in00000643313
005 20151015062338.0
008 810220s1973 txu 00000 eng d
035 |a (OCoLC)07142879 
035 |9 ACV8608AM 
040 |a TXA  |c TXA  |d UtOrBLW 
049 |a TXAS 
090 |a PS2033  |b .A4 1973 
099 |a 1973  |a Disser-  |a tation  |a L533 
100 1 |a Leitz, Robert Charles. 
245 1 0 |a Selected correspondence of William Dean Howells, 1882-1886. 
264 1 |a [College Station, Tex.],  |b [publisher not identified] ;  |c 1973. 
300 |a 2 volumes (529 pages) 
336 |a text  |b txt  |2 rdacontent 
337 |a unmediated  |b n  |2 rdamedia 
338 |a volume  |b nc  |2 rdacarrier 
502 |b PH.D. in English  |c Texas A & M University. 
650 4 |a Major English. 
600 1 0 |a Howells, William Dean,  |d 1837-1920  |x Correspondence. 
999 |a MARS 
999 f f |s 8625546c-a228-3c87-a567-60712a1118d4  |i df400f86-bd95-3c9b-ad1c-3a434d79349b  |t 0 
952 f f |p noncirc  |a Texas A&M University  |b College Station  |c Cushing Memorial Library & Archives  |d Cushing: Texas A&M (Does not check out)  |t 0  |e PS2033 .A4 1973  |h Library of Congress classification  |i unmediated -- volume  |k v.2 
952 f f |p noncirc  |a Texas A&M University  |b College Station  |c Cushing Memorial Library & Archives  |d Cushing: Texas A&M (Does not check out)  |t 0  |e PS2033 .A4 1973  |h Library of Congress classification  |i unmediated -- volume  |k v.1 
998 f f |a PS2033 .A4 1973  |s v.1-v.2  |t 0  |l Cushing: Texas A&M (Does not check out)